• 首页
  • 本馆介绍
  • 公告通知
  • 最新文献
  • 馆藏检索
  • 电子资源
  • 读者导购
  • 参考咨询
  • 我的图书馆
  • 登录
  • 详细信息显示
  • 放入我的书架
  • 预约/预借图书
  • 作者相关作品
  • 分类相关作品
  • 丛书相关作品
  • 出版社相关作品

书目信息

  • 表格格式
  • 工作单格式
  • 卡片格式
题名:
数学机器简明教程
    
 
作者: 狄隆涅 , Делоне 著 ;李学荣 译
分册:  
出版信息: 北京   高等教育出版社  1958
页数: 120页
开本: 20cm
丛书名:
单 册:
中图分类: TP321
科图分类:
主题词: 非电子计算机--高等学校--教材
电子资源:
ISBN: 15010.647
000 00869nam0 2200277 450
001 0000000000
005 20100712202813.0
010    @a15010.647@dCNY0.48
091    @a15010.647@dCNY0.48
100    @a20040302d1958 em y0chiy0110 ea
101 1  @achi@crus
102    @aCN@b110000
105    @aa z 000yy
106    @ar
200 1  @a数学机器简明教程@9Shu;Shuo Xue Ji Qi Jian Ming Jiao Cheng @f(苏)Б.Н.狄隆涅(Б.Н.Делоне)著@g李学荣译
210    @a北京@c高等教育出版社@d1958
215    @a120页@c图@d20cm
300    @a高等学校教学用书
300    @a据苏联国立科学技术理论出版社1952年版译出
606 0  @a非电子计算机@x高等学校@j教材
690    @aTP321@v4
701  1 @a狄隆涅@9di long nie@bБ.Н.@4著
701  1 @aДелоне@bБ.Н.@4著
702  0 @a李学荣@9li xue rong@4译
801  0 @aCN@bAzMarc@c20130904
905    @aBZT@dTP321@e1@f1@sTP321/1
    
    数学机器简明教程/(苏)Б.Н.狄隆涅(Б.Н.Делоне)著/李学荣译.-北京:高等教育出版社,1958
    120页:图;20cm
    高等学校教学用书.-据苏联国立科学技术理论出版社1952年版译出
    
    ISBN 15010.647:CNY0.48
    
●
相关链接 在五车中查询图书 在当当中查询图书 在豆瓣中查询图书


正题名:数学机器简明教程     索取号:TP321/1         预约/预借

序号 登录号 条形码 馆藏地/架位号 状态 备注
1 2000144524   2000144524   旧书回溯/ [索取号:TP321/1] 在馆    
山东省滨州职业学院图书馆 欢迎您!
大连网信软件有限公司© 版权所有